1998 1263 1867 1887 1227 1382 1597 1411 1449 1576 1330 1378 1666 1866 1792 1052 1778 1031 1799 1169 1688 1244 1361 1322 1441 1053 1190 1054 1187 1026 1552 1768 1394 1974 1717 1219 1694 1689 1117 1865 1909 1329 1349 1955 1302 1515 1060 1183 1081 1648 1298 1202 1329 1046 1901 1005 1830 1909 1718 1716 1845 1875 1513 1360 1213 1392 1874 1503 1485 1650 1461 1195 1991 1469 1968 1730 1415 1718 1662 1523 1085 1386 1509 1162 1440 1379 1469 1191 1679 1168 1846 1458 1502 1188 1252 1038 1626 1297 1315 BCNSPRNW ULIB Ver.6.0+V

เปลี่ยนเป็นภาษาไทย

Change to English
 แสดงรายละเอียดบรรณานุกรม
  กลับหน้าหลัก

Brief Record : Get Marc (ISO 2709) : E-mail record : QR code < ปิดหน้าต่าง
LEADER : 00000nam 2200000uu 4500
001    13399114676
003     ULIB
008    120429s2553||||th 000 0 tha d
020    ^a9786167375069
060 04 ^aWO218^bท239
245 00 ^aทศวรรษใหม่กับความปลอดภัยทางวิสัญญี =^bSafety and update inanesthesia 2010/^cบรรณาธิการโดย มลิวัลย์ ออฟูวงศ์ อรรัตน์ กาญจนวณิช
246 31 ^aSafety and update in anesthesia 2010
260    ^aสงขลา :^bหน่วยผลิตตำราคณะแพทยศาสตร์,^c2553
300    ^a347 หน้า :^bภาพประกอบ ;^c22 ซม.
500    ^aSend to Single Search
650  4 ^aวิสัญญีวิทยา^vรวมเรื่อง
700 0  ^aมลิวัลย์ ออฟูวงศ์,^eบรรณาธิการ
700 0  ^aอรรัตน์ กาญจนวนิชกุล,^eบรรณาธิการ
710 2  ^aมหาวิทยาลัยสงขลานครินทร์. ^bคณะแพทยศาสตร์
945    ^p360^l0^i18974
995    ^aเกษร
999 ^a ใช้งานได้ทุกระบบ
รายการนี้ยังไม่มีแท็ก
คุณยังไม่ได้ล็อกอิน คุณสามารถมีกิจกรรมร่วมกับเว็บไซต์ได้ แต่ต้องล็อกอินก่อน ::
  ล็อกอิน

รายการสื่อสารสนเทศ

ลำดับที่ ประเภท เลขเรียก/บาร์โค้ด สถานที่ สถานะ
1. วิทยาศาสตร์การแพทย์ และสุขภาพ
วิทยาศาสตร์การแพทย์ และสุขภาพ
สถานะ=หนังสือเก่า
WO218 ท239  
  Barcode: 18974
ห้องสมุดวิทยาเขตนครสวรรค์
►ส่วนจัดเก็บหนังสือเก่า นว.
บนชั้น
  ขอยืม

BibComment


ยังไม่เคยถูกคอมเมนท์

คอมเมนท์ทรัพยากรรายการนี้
  คอมเมนท์: ทศวรรษใหม่กับควา..


 Copyright 2026. Bcnsprnw @Library